Výzkum tolerance odrůd slivoní k šarce

Bibliographic Details
Main Authors: Seidl, Vojtěch (Author), Drobková, Renata (Author)
Format: Article
Language:Czech
PhysicalDescription:Tb. 2.
Subjects:

MARC

LEADER 00000nab a2200000 a 4500
001 vtls000109106
003 SK-MaSNL
005 20260303024328.0
008 160202c1982 xo 0 cze
015 |a SNBRB19rr/mm-uuuuu 
035 |a CL0119209 
040 |a SNKBUCL  |b slo  |c SNKBUCL  |e AACR2 
041 0 |a cze 
044 |a xo  |c SK 
080 |a 634.1/.7  |2 1981 
080 |a 632.1/.4  |2 1981 
100 1 |a Seidl, Vojtěch  |4 aut  |9 958686 
245 1 0 |a Výzkum tolerance odrůd slivoní k šarce  |c Vojtěch Seidl, Renata Drobková 
300 |b Tb. 2. 
650 0 7 |a slivky  |2 snkbucl  |9 14187 
650 0 7 |a šarka sliviek  |2 snkbucl  |9 14938 
650 0 7 |a Prunus tomentosa  |2 snkbucl  |9 937759 
655 7 |a články z novín a časopisov  |2 snkbucl  |9 267496 
700 1 |a Drobková, Renata  |4 aut  |9 1007843 
773 0 |t Záhradníctvo  |g Roč. 7, č. 2 (1982), s. 61-62 
850 |a Slovenská národná knižnica v Martine  |a MTA001 
852 |a SNK  |b KIS3GCP 
958 |a RK 
958 |a CZ 
992 |a RBX 
999 |c 1639846  |d 1641776